000 00954cab a22001935a 4500
001 L141834
008 080102e20071212xxk f 000 0 eng d
035 _a(Sirsi) u141834
041 0 _aeng
100 1 _aWatson, Kathy
245 0 0 _aBoom time for the South East
260 _c2007
490 0 _aContract Journal
_v440(6655) 12 December 2007, 15-17(3)
520 _aHighlights the opportunities and challenges facing contractors in southeast England and provides an overview of the region's construction market. Reports that construction output in southeast England is expected to increase by 3.2% a year on average between 2007 and 2011, exceeding the UK average of 2.6%. The strongest sectors will be public and private housing. Construction employment in the region should reach 382 000 in 2011, a 12.1% rise on 2007 levels.
590 _aKA
651 4 _aSouth East (England)
690 _aBUILT ENVIRONMENT-CONSTRUCTION MARKET
942 _n0
999 _c79610
_d79610